Mediálny obraz Slovenska vo funkcii predsedníctva Rady EÚ diplomová práca

Na minha lista:
Detalhes bibliográficos
Autor principal: Šimoničová, Barbora
Autor Corporativo: Národohospodárska fakulta EU. Katedra ekonómie
Outros Autores: Dvořák, Karel
Formato: Livro
Idioma:eslovaco
Publicado em: Bratislava 2017
Tags: Adicionar Tag
Sem tags, seja o primeiro a adicionar uma tag!

MARC

LEADER 00000nbm a2200000 4500
001 0231849
005 20171003132849.7
041 0 |a slo 
044 |a SK 
245 1 0 |a Mediálny obraz Slovenska vo funkcii predsedníctva Rady EÚ  |b diplomová práca  |c Barbora Šimoničová ; školiteľ: Karel Dvořák 
264 1 |a Bratislava  |c 2017 
300 |a 66 s. 
100 1 |a Šimoničová, Barbora 
700 1 |a Dvořák, Karel 
710 2 |a Národohospodárska fakulta EU. Katedra ekonómie